000 00295nam a22001217a 4500
008 180426b xxu||||| |||| 00| 0 eng d
041 _aeng
080 _a043.3
100 _a0
101 _aSHKI-BTH
245 _aHulumtimi mbi patundshmërinë e një UEB aplikacioni
_cGuri,E
942 _2udc
_cBK
999 _c45609
_d45609